Largest and Smallest Pokémon in a Generation - Statistics

General Stats
  • This quiz has been taken 180 times
    87 since last reset
  • The average score is 7 of 23
Answer Stats
Region Answer % Correct
Hoenn Wailord
69%
Unova Joltik
62%
Kanto Onix
62%
Galar Eternatus
60%
Johto Steelix
58%
Sinnoh Dialga
51%
Alola Celesteela
49%
Kalos Yveltal
45%
Kalos Flabébé
42%
Kanto Diglett
36%
Sinnoh Burmy
25%
Alola Cutiefly
25%
Sinnoh Budew
18%
Sinnoh Chingling
15%
Paldea Raging Bolt
13%
Unova Serperior
13%
Hoenn Azurill
11%
Alola Cosmoem
11%
Galar Sinistea
11%
Alola Comfey
9%
Paldea Gimmighoul
9%
Johto Natu
7%
Paldea Poltchageist
4%
No matching quizzes found
Score Distribution
Percent of People with Each Score
Percentile by Number Answered
Your Score History
You have not taken this quiz since the last reset